000 00386nam a2200145Ia 4500
008 230917s9999||||xx |||||||||||||| ||und||
040 _e116763
_aMAIN
041 _aEnglish
082 _a657.48 R199T
100 _aRawat, D S
245 0 _aTaxmann Supplement to Chartered Accountants Desktop on Indian GAAP & GAAS
260 _aNew Delhi
_bTaxmann
300 _a35p p.
942 _cBK
999 _c143373
_d143373